000 00434nam a22001697a 4500
003 UA-OsUOA
001 6043
007 ta
008 20050721b un ||||| |||| 00| 0 ukr d
100 _aШевчук
700 _aЛ. В.
942 _cBK
040 _aUA-OsUOA
_cUA-OsUOA
_dUA-OsUOA
245 _aСемантико-прагматичні особлив. вербальн. та невер.
_bSA Paper
955 _a2
650 7 _2UDC
999 _c292205
_d292205